FIABCI 2002 53rd World Congress Kuala Lumpur [ Malaysia your host in 2002

Bibliographic Details
Format: Book
Subjects:

MARC

LEADER 00000cam a2200000 7i4500
001 0000018352
005 20061213.0
040 |a INS 
090 0 0 |a HD1375 2002 
245 0 0 |a FIABCI 2002 53rd World Congress Kuala Lumpur [  |h electronic resource] :   |b Malaysia your host in 2002 
300 |a 1 video disc (VCD) :   |b sd., col. ;   |c 12 cm. 
650 0 0 |a Real property   |x Congresses 
999 |a VCD000042   |b DIGITAL VIDEO CD   |c Media Collection   |e Default branch